| 000 | 00977nam2a22002171 4500 | ||
|---|---|---|---|
| 001 | rc\4283483 | ||
| 005 | 20250611150131.0 | ||
| 035 | _a(NLR Aleph) 008247597 | ||
| 090 |
_a8315370 _c8315370 |
||
| 100 | _a20130416d1957 |||y0rusy50 ca | ||
| 101 | 0 | _arus | |
| 102 | _aRU | ||
| 105 | _ay z ||||| | ||
| 200 | 1 | _aСлужение народу | |
| 210 |
_aУлан-Удэ _c[Бурят-Монг. кн. изд-во] _d1957 |
||
| 461 | 0 |
_1001rc\4283479 _12001#$aБиблиотечка депутата$e(Из опыта работы местных Советов Бурят-Монг. АССР)$e[№ 1-7]$v[4] _98315349 _cУлан-Удэ _d1957 _n[Бурят-Монг. кн. изд-во] _o(Из опыта работы местных Советов Бурят-Монг. АССР) : [№ 1-7] _p7 бр. в обл.-папке _tБиблиотечка депутата _v[4] |
|
| 801 | 0 |
_aRU _bNLR _gpsbo |
|
| 801 | 1 |
_aRU _bELAR _2rusmarc |
|
| 852 |
_aNLR _j57-4/15241 |
||
| 942 | _cBOOK | ||
| 980 | _aNB | ||